| 000 | 00410nam a2200157Ia 4500 | ||
|---|---|---|---|
| 008 | 151213s9999 xx 000 0 und d | ||
| 020 | _a0-85224-028-9-7 | ||
| 100 | _aBernard Shaw | ||
| 245 |
_aArms and The Man _cBernard Shaw |
||
| 260 |
_aNew Delhi _bU B S Publications _c2005 |
||
| 300 | _a4878 p. | ||
| 650 | _aEnglish Literature | ||
| 650 | _aEnglish Literature | ||
| 700 | _aBernard Shaw | ||
| 999 |
_c3066 _d3066 |
||